[Event "EU-Cup 24th"]
[Site "Kallithea"]
[Date "2008.10.19"]
[Round "3"]
[White "Bologan, Viktor"]
[Black "Sargissian, Gabriel"]
[Result "1/2-1/2"]
[WhiteElo "2682"]
[BlackElo "2642"]
[Annotator "Bologan,V"]
[PlyCount "81"]
[EventDate "2008.10.17"]
[EventType "team-swiss"]
[EventRounds "7"]
[EventCountry "GRE"]
[SourceTitle "CBM 127"]
[Source "ChessBase"]
[SourceDate "2008.11.13"]
[SourceVersion "1"]
[SourceVersionDate "2008.11.13"]
[SourceQuality "1"]
[WhiteTeam "Sarajevo Bosna"]
[BlackTeam "Erevan MIKA"]
[WhiteTeamCountry "BIH"]
[BlackTeamCountry "ARM"]

1. e4 e5 2. Nf3 Nc6 3. Bb5 a6 4. Ba4 Nf6 5. O-O Be7 6. Re1 b5 7. Bb3 O-O 8. a4
{I think this is the most positional reaction for White against the potenctal
Marshall. Even more positional than 8.h3 which I used to play for many years.
The main idea is to provoke Black into some weaknesses on the queenside.} b4 9.
d4 {Another possibility is 8.d3 in which Black is compensated for the weakened
white squares after the bishop by a small space advantage on the queenside.} d6
10. dxe5 dxe5 11. Qxd8 Rxd8 {If White manages to demonstrate his advantage
here then it would be a perfect line against Marshall players. A better
endgame with no risk, and practically no theory!} 12. Nbd2 {after} (12. Bg5 {
White normally says goodbye to his bishop which was not exactly my idea.} Rb8 (
12... Kf8 13. Bxf6 gxf6 14. Bd5 Bb7 15. Nbd2 Na5 16. Bxb7 Nxb7 17. Nc4 Nd6 18.
Na5 Rd7 19. Rad1 Ke8 20. Nd2 Nc8 21. Ndc4 $14 {Jones Gawain C 2522 - Nyback
Tomi 2587, Plovdiv 22. 4.2008 Ch Europe}) 13. Nbd2 h6 14. Bxf6 Bxf6 15. Bd5 (
15. h3 Na5) (15. Rad1 Na5 (15... Kf8 16. h3 h5 17. Bd5 Ne7 18. Bc4 Rb6 {
Brkic Ante 2521 - Akopian Vladimir 2673, Moscow 17. 2.2008 It (open) "Aeroflot"
} 19. Bd3 {!?} Ng6 20. Nc4 Rc6 21. b3 $14) 16. Nc4 Rxd1 17. Rxd1 Nxb3 18. cxb3
Bb7 19. Ncxe5 Bxe4 20. Nd7 Re8 21. Nxf6+ gxf6 $11) 15... Na5 16. Rad1 c6 17.
Nb3 Nxb3 18. Bxb3 Bg4 19. h3 Bxf3 20. gxf3 a5 21. Kf1 Kf8 $11 {Baramidze David
2569 - Harikrishna P 2668 , Germany 17. 3.2007 Bundesliga 2006/07}) 12... Bc5 {
Novelty. My opponent is trying to play as aggressively as possible. Besides
the fact that he is attacking f2 and setting the bishop on the best diagonal,
there is also the idea of supporting the move to d4 by the knight.} (12... h6 {
was played by two of my team-mates: from Tomsk Inarkiev, and from Bosna
Stojanovic.} 13. a5 Bd6 (13... Bb7 {Perhaps not the best place for the bishop}
14. Bc4 Bd6 15. Bd3 Nd7 16. Nb3 Nc5 17. Nxc5 Bxc5 18. Be3 Bd6 19. Nd2 Nd4 20.
Nc4 $14 {Galic I2 2316 - Stojanovic Da 2455, 20.10.2008 24th ECC}) 14. Bc4 Kf8
15. Nb3 Ke7 16. Nfd2 Be6 17. Bf1 Nd7 18. Nc4 Nc5 19. Nxc5 Bxc5 20. c3 f6 21.
Be3 {1/ 2-1/2, Nisipeanu Liviu-Dieter 2684 - Inarkiev Ernesto 2684, France 1.
6.2008 Ch France (team) 2008}) 13. h3 (13. Nc4 {Facing the novelty over the
board I decided to play safe and home analysis proved that after} Be6 (13...
Nd4 14. Nxd4 Bxd4 15. Be3 Be6 16. Bxd4 exd4 17. Rad1 c5 18. e5 Nd7 19. a5 Ra7
20. Nd2 $14) 14. Ncxe5 Nxe5 15. Nxe5 Bxb3 16. cxb3 Nxe4 17. Be3 f6 18. Nc6 Rd6
19. Na5 Bxe3 20. Rxe3 Nc5 21. Rc1 Rad8 {Black is fine.}) 13... Bb7 14. Bc4 h6
15. Nb3 Bd6 16. a5 {I am not sure about this move. Since the a5-square is
controlled by the knight, White can afford to continue with his main plan.} (
16. Bd3 Bc8 17. Be3 Be6 18. Nfd2 Be7 19. Rad1 (19. f3 Nh5) 19... Nd7 20. Bc4
$14 {Compared with the positions where the pawn is on a5, White controls the
very important square b5.}) (16. Bf1 Re8) 16... Ne7 17. Nfd2 Ng6 18. Bf1 Nf4 {
Black is following his plan. However, concrete play targetting the white
pieces and pawns would be much more unpleasant for me.} (18... Be7 $1 {Xe4} 19.
f3 (19. g3 Rd7) 19... Nh5 {Xg3, f4} 20. Nc4 Bh4 $1 {[%cal Rh4e1]}) 19. f3 Nd7
20. Nc4 Be7 21. Be3 {Finally White has managed to reach his goal and the ideal
setup. Now the question is how to use it.} Ne6 {Black has also brought his
knights into the battle for the c5- and d4-squares.} 22. Bf2 $1 {Good idea but
I am not sure whether Red1 first would be more accurate.} Bc6 23. Ne3 Ndc5 24.
Bc4 Nxb3 25. cxb3 Bb5 (25... Nd4 26. Nf5 Nxf5 27. exf5 Bd6 28. Rac1 $14) 26.
Bxb5 ({My first idea was to play} 26. Nd5 {but I didn't want to give the
possibility of} Bxc4 {which was not so dangerous in a view of} (26... Bd6 27.
Bxb5 axb5 28. a6 c5 29. a7 Rd7 30. Nb6 Raxa7 31. Nxd7 Rxd7 32. Red1 Nd4 33.
Bxd4 exd4 34. Ra5 Rb7 35. Ra6 $16) 27. Nxe7+ Kf8 28. Nc6 Rd6 29. Nxe5 Bxb3 30.
Rec1 Rd2 31. Nc6 $16) 26... axb5 27. Nd5 Bc5 $3 {The only way to save the game.
I saw that while making my 26th move, but for some reason or other I
completely misunderstood that winning am exchange is not winning the game yet.}
(27... Bd6 28. a6 c5 29. a7 {see above.}) 28. a6 (28. Bxc5 Nxc5 29. Nxc7 Ra7 $1
{and the pawn on b5 is poisoned}) 28... Bxf2+ 29. Kxf2 c5 {Now by force White
wins an exchange for a pawn.} 30. a7 (30. Ra5 Ra7 31. Rxb5 (31. Rea1 Nd4) 31...
Rxa6) 30... Rd7 31. Nb6 Raxa7 32. Nxd7 Rxd7 33. Red1 Rxd1 (33... Nd4 {?} 34.
Ra8+ Kh7 35. Rc8 $18) 34. Rxd1 Nd4 {The position is a dead draw. Neither of
the sides can improve: if Black takes on b3 then after Rd5 his knight is
practically trapped.} 35. h4 g6 36. g3 g5 37. h5 Kg7 38. g4 Kf6 39. Ke3 Nc2+
40. Kf2 Nd4 41. Ke3 1/2-1/2

[Event "EU-Cup 20th"]
[Site "Izmir"]
[Date "2004.10.05"]
[Round "3.4"]
[White "Bologan, Viktor"]
[Black "Beliavsky, Alexander G"]
[Result "1-0"]
[WhiteElo "2669"]
[BlackElo "2660"]
[Annotator "Bologan,V"]
[PlyCount "67"]
[EventDate "2004.10.03"]
[EventType "team-swiss"]
[EventRounds "7"]
[EventCountry "TUR"]
[SourceTitle "CBM 104"]
[Source "ChessBase"]
[SourceDate "2005.01.27"]
[SourceVersion "1"]
[SourceVersionDate "2005.01.27"]
[SourceQuality "1"]
[WhiteTeam "Sarajevo Bosna"]
[BlackTeam "Ekaterinburg Max Ven"]
[WhiteTeamCountry "BIH"]
[BlackTeamCountry "RUS"]

1. e4 e5 2. Nf3 Nc6 3. Bb5 a6 4. Ba4 Nf6 5. O-O Be7 6. Re1 b5 7. Bb3 O-O 8. h3
Bb7 9. d3 Bc5 10. Nc3 h6 11. Bd2 d6 12. Ne2 {'N!'} Bb6 (12... Re8 13. Ng3 $14)
13. c3 Na5 14. Bc2 d5 {'?!'} (14... Re8 15. Ng3 c5 $14) 15. exd5 (15. Nxe5 dxe4
16. d4 c5) 15... Qxd5 16. Ng3 Rfe8 17. Qc1 {'!'} Nh7 (17... Nc6 18. Bxh6 gxh6
19. Qxh6 $18 {->}) (17... Qd6 18. Nf5 Qd7 19. Nxg7 $1 Kxg7 20. Bxh6+ Kh7 21.
d4+ e4 22. Qg5 Rg8 23. Qh4 $18) (17... c5 18. Bxh6 gxh6 19. Qxh6 Re6 20. c4 $1
Qc6 21. d4 $1 Ne4 22. Qh4 $18) 18. b4 (18. c4 Qc5 (18... bxc4 19. dxc4 Qc5 20.
Be3 Qxc4 21. Bxb6 cxb6 22. Nxe5 Qd4) 19. d4 Qxc4 20. b3 Qc6) 18... Nc6 19. c4
Qd7 (19... bxc4 20. dxc4 Qxc4 $4 21. Bxh7+) 20. c5 Ba7 21. Bc3 Nd4 (21... f6
22. a4 (22. Qe3 Ng5) 22... Ng5 23. Nxg5 hxg5 24. Bb3+ Kf8 25. Qd1 $16) 22. Bxd4
Bxf3 {'!?'} (22... exd4 23. Qf4 Bxf3 24. Qxf3 Ng5 25. Qf5 Qxf5 26. Nxf5 Ne6 27.
Bb3 $16) 23. Bxe5 Ng5 (23... Bxg2 24. Kxg2 Qd5+ 25. Re4 Rxe5 26. Bb3 Qc6 27.
Bxf7+ Kh8 28. Qf4 Re7 29. Kf1 Rxe4 30. Qxe4 Qxe4 31. dxe4 Ng5 32. Bd5 $18) 24.
Qf4 (24. Bf4 $1 Rxe1+ 25. Qxe1 Re8 (25... Ne6 26. Be5 Bb7 27. Qe3 Re8 28. Bb3
Nf8 29. Qd4 Qxd4 30. Bxd4 Ne6 31. Be3 $18) 26. Qc1) 24... Bxg2 25. Kxg2 Qxh3+
26. Kg1 Qd7 27. Qf5 Qxf5 28. Nxf5 Nf3+ 29. Kg2 Nxe5 30. d4 g6 (30... Ng6 31.
Rxe8+ (31. Be4 Rad8 32. Bb7 (32. Kf3 Re6 33. a4) 32... Re6 (32... Bb8 33. Bxa6
c6 34. Rxe8+ Rxe8 35. a4 bxa4 36. b5 Nf4+ 37. Kf3 g6 38. Nd6) 33. d5 Rf6 34.
Ne7+ Nxe7 35. Rxe7 Bb8 36. Rae1 Kf8 37. Bc6) 31... Rxe8 32. a4 (32. Kf3 Bb8 33.
a4 Kf8 34. axb5 axb5 35. Bd3 Ne7 (35... Rd8 36. Bxb5 Ne7 37. Nxe7 Kxe7 38. Ke3
$16) 36. Nxe7 Kxe7 37. Re1+ Kf8 38. Rxe8+ Kxe8 39. Bxb5+ Ke7 40. Ke4 Ke6 41.
Bc4+ Kd7 42. Bxf7) 32... Bb8 (32... Nf4+ 33. Kf3 Ne6 34. d5 Ng5+ 35. Kg2) 33.
axb5 axb5 34. Ra5 Nf4+ 35. Kf3 Ne6 36. d5 Ng5+ 37. Kg2 $18) 31. Rxe5 Rxe5 (
31... gxf5 32. Rxf5 Rad8 33. Bb3 Re7 34. Rh1 Kg7 35. Rh4 Rg8 36. Kf3 Bb8 37. a3
$18) 32. dxe5 gxf5 33. Rd1 Re8 34. Rd7 (34. Bb3 Rf8 35. Kg3 c6 36. Kf4 h5 37.
Kxf5 h4 38. Kf6) 1-0

[Event "Stepanakert-A"]
[Site "Stepanakert"]
[Date "2005.10.02"]
[Round "1"]
[White "Bologan, Viktor"]
[Black "Aronian, Levon"]
[Result "0-1"]
[WhiteElo "2682"]
[BlackElo "2724"]
[Annotator "Bologan,V"]
[PlyCount "112"]
[EventDate "2005.10.02"]
[EventType "tourn"]
[EventRounds "9"]
[EventCountry "ARM"]
[EventCategory "17"]
[SourceTitle "CBM 110"]
[Source "ChessBase"]
[SourceDate "2006.01.31"]
[SourceVersion "1"]
[SourceVersionDate "2006.01.31"]
[SourceQuality "1"]

1. e4 e5 2. Nf3 Nc6 3. Bb5 a6 4. Ba4 Nf6 5. O-O Be7 6. Re1 b5 7. Bb3 O-O 8. h3
{One of the possible ways to avoid the Marshall. Normally after this white has
a slight positional advantage.} Bb7 9. d3 d6 10. a3 Qd7 11. Nc3 Nd8 {Before
the game I already new that Aronian is playing this maneuvre and considered it
good for white.} 12. Ne2 Ne6 13. Ng3 g6 14. c3 $1 $146 {Better than exchanging
the bishops as it was in Gelfand -Shirov, Rethymnon (Greece) 2003} (14. Bh6
Rfe8 15. Ng5 Bf8 16. Bxf8 Rxf8 17. Nxe6 fxe6 18. Qd2 c5 19. f4 exf4 20. Qxf4 d5
21. Qe5 c4 22. Ba2 Qc6 23. exd5 exd5 24. Qe6+ Qxe6 25. Rxe6 Rae8 $15 {Gelfand,
B-Shirov,A/Rethymnon 2003}) 14... c5 15. d4 c4 16. Bc2 Qc7 17. Be3 (17. a4 $5
Rfd8 18. Be3 d5 19. Nxe5 Nxe4 20. Qg4 Nxg3 21. Qxg3 Bd6 22. f4 f6 23. Ng4 Rf8
24. axb5 axb5 25. Rxa8 Bxa8 26. Qh4 f5 27. Nf6+ Kg7 28. Nxh7 Qd8 29. Ng5 Nxg5
30. fxg5 Rh8 31. Qf2 Qc7 32. Qf3 $14) 17... a5 $1 {Levon tries to close the
queenside.} 18. Qd2 (18. a4 b4) 18... a4 19. Ng5 (19. d5 Nc5 20. Bh6 Rfe8 21.
Nh2 Bf8 22. Bxf8 Rxf8 23. f4 exf4 24. Qxf4 Nfd7 25. Nf3 f6 {=}) 19... Ne8 20.
Nxe6 (20. h4 $5) 20... fxe6 21. Bh6 (21. dxe5 dxe5 22. Qe2 Nf6 23. Rad1 $14)
21... Rf7 22. Ne2 Nf6 23. Qe3 Nh5 24. g4 $2 {Weakening the king without
necessaty is always bad. I should stick a regular} (24. Rad1 Bf8 25. Bxf8 Raxf8
26. f3 $14 {with a steady edge for white}) 24... Nf6 (24... Nf4 25. Nxf4 exf4
26. Bxf4 Raf8 27. Bg3 Rf3 28. Qh6 Qd8 29. h4 e5 $17) 25. f3 (25. Rf1 Bf8 26.
Bxf8 Raxf8 27. f4 exf4 28. Nxf4 e5 29. dxe5 dxe5 30. Ne6 Nxg4 31. Qa7 Rxf1+ 32.
Rxf1 Rxf1+ 33. Kxf1 Qf7+ 34. Ke2 $13) 25... d5 $1 {The white king is already
in danger. I thought this is not possible but missed the simple intermediate
taking on f3.} 26. dxe5 (26. Rf1 exd4 27. cxd4 e5) 26... dxe4 $1 {The
temporary sacrifice permits black to discover white's king position completely.
} 27. fxe4 (27. exf6 {which I was hoping on is simply loosing} Bc5 28. Nd4 Qg3+
29. Kf1 exf3 30. Qf2 Qxh3+ 31. Kg1 Bd6 $19) (27. f4 Nd5 28. Qg3 Bf8 29. Bxf8
Raxf8 30. Bxe4 Nxf4 31. Nxf4 Rxf4 32. Bxb7 Qxb7 33. Rf1 Qb6+ 34. Kg2 Qc6+ $19)
27... Nd7 {More presize than} (27... Qxe5 28. Nd4 Bd6 29. Re2 $13) 28. Nd4 Nxe5
29. Rf1 Rxf1+ 30. Rxf1 Nf7 {Now loosing the bishop white will serious problems
in controlling all weak squares.} 31. Kg2 (31. e5 $5 {was sugested after the
game by Aronian.} Nxh6 32. Bxg6 hxg6 33. Qxh6 {but I think in our post-mortem
analysis we both didn't see the simple} Be4 34. Qf4 Bd5 35. Qf7+ Kh8 36. Qxg6
Qxe5 $19) 31... Nxh6 32. Qxh6 Qe5 33. Nf3 Bxe4 34. Bxe4 {Here the practical
chance for me was to go for a different coloured bishop ending.} (34. Qe3 Bxf3+
35. Rxf3 Qxe3 36. Rxe3 Kf7 $17) 34... Qxe4 35. Re1 Qc2+ 36. Qd2 Qxd2+ 37. Nxd2
Kf7 38. Rf1+ {When going for this position I very much hoped on} (38. Re5 {
but it leads to a lost anyway} Rd8 39. Nf3 Rd5 40. Rxd5 exd5 41. Nd4 Bg5 42.
Nxb5 Bc1 43. Kf3 Kf6 44. Ke2 Kg5 45. Kd1 Bf4 $19) 38... Ke8 39. Kf3 Rd8 40. Ke2
Rd3 41. Rf3 Rd5 42. Ne4 Re5 43. Re3 Kd7 44. Kf3 Kc6 $19 {White can simply
resign.} 45. Re2 Rd5 46. g5 Rf5+ 47. Kg4 Kd5 48. h4 e5 49. Kg3 Rf4 50. Nf2 Bd6
51. Rd2+ Ke6 52. Ng4 Bc7 53. Rf2 Rf5 54. Re2 e4+ 55. Kg2 Rf4 56. Nf2 Rxh4 0-1

[Event "URS-ch46 First League"]
[Site "Ashkhabad"]
[Date "1978.??.??"]
[Round "4"]
[White "Kupreichik, Viktor D"]
[Black "Savon, Vladimir A"]
[Result "0-1"]
[WhiteElo "2490"]
[BlackElo "2560"]
[Annotator "Bulletin"]
[PlyCount "114"]
[EventDate "1978.10.??"]
[EventType "tourn"]
[EventRounds "17"]
[EventCountry "URS"]
[EventCategory "10"]
[SourceTitle "MCL"]
[Source "ChessBase"]
[SourceDate "1999.07.01"]
[SourceVersion "1"]
[SourceVersionDate "1999.07.01"]
[SourceQuality "1"]

1. e4 e5 2. Nf3 Nc6 3. Bb5 a6 4. Ba4 Nf6 5. O-O Be7 6. Re1 b5 7. Bb3 O-O 8. a4
Bb7 9. d3 d6 10. Nbd2 $5 (10. Nc3) (10. Bd2) 10... Nd7 (10... Na5 11. Ba2 c5
12. Nf1 Nd7 13. Ne3 Nb6 14. axb5 axb5 15. Bd2 b4 $10 {Matulovic,M-Dely,J/
Sarajevo/1964/}) 11. c3 Nc5 12. Bc2 Bf6 (12... d5 $2 13. exd5 Qxd5 14. d4 $16)
13. Nf1 Re8 14. Ne3 Ne7 15. Ng4 Ng6 16. axb5 axb5 17. Rxa8 Bxa8 18. d4 exd4 19.
Nxf6+ Qxf6 20. Nxd4 $14 Qd8 21. f3 Qd7 22. Be3 Bc6 23. Nf5 Ne7 24. Ng3 Na4 (
24... Ne6 25. f4) 25. Bd4 f6 (25... Nxb2 26. Qc1 Nc4 27. Bxg7 Kxg7 28. Nh5+ Kh8
(28... Kg6 29. e5+ Kxh5 30. g4+) 29. Qh6 $16) 26. b4 Kh8 27. f4 Ng6 28. Rf1 Qf7
29. h4 Nb2 (29... Nxh4 30. f5) 30. Bb3 Nc4 31. h5 Nf8 32. h6 g6 33. f5 $2 $10 (
33. e5 $2 dxe5 34. fxe5 Qd5 35. Qe2 Ne6 $13) (33. Qd3 $14) 33... Nd7 34. Qg4
Nde5 35. fxg6 hxg6 36. Qh4 Rf8 37. Ne2 $2 g5 38. Qf2 Bxe4 39. Ng3 Bd3 40. Rd1
Bg6 41. Rf1 Qe6 42. Bc2 $2 Ng4 43. Re1 Nce5 44. Bf5 Bxf5 45. Qxf5 Nf3+ 46. Qxf3
Qxe1+ 47. Nf1 Qe6 48. Qh3 Kh7 49. Qd3+ Kxh6 50. Qxb5 Ra8 51. Qb7 Ra2 52. Qf3
Qe2 53. Qd5 Ra1 54. Qf5 c6 55. b5 cxb5 56. Bb6 Rd1 57. Bd4 b4 0-1

[Event "World Cup"]
[Site "Khanty-Mansiysk"]
[Date "2007.12.05"]
[Round "4.3"]
[White "Jakovenko, Dmitrij"]
[Black "Aronian, Levon"]
[Result "1-0"]
[WhiteElo "2710"]
[BlackElo "2741"]
[Annotator "CB"]
[PlyCount "131"]
[EventDate "2007.11.24"]
[EventType "k.o."]
[EventRounds "7"]
[EventCountry "RUS"]
[SourceTitle "CBM 122"]
[Source "ChessBase"]
[SourceDate "2008.01.30"]
[SourceVersion "1"]
[SourceVersionDate "2008.01.30"]
[SourceQuality "1"]

1. e4 e5 2. Nf3 Nc6 3. Bb5 a6 4. Ba4 Nf6 5. O-O Be7 6. Re1 b5 7. Bb3 O-O 8. h3
(8. c3 d5 {leads to the Marshall Attack - a gambit, which offers Black a reach
compensation for the pawn and therefore became extremely popular in the past
years.}) 8... Bb7 9. d3 d5 {Black still sacrifices a pawn, but here White
didn't play c2-c3 and Black's initiative is not as strong as in the classical
Marshall. Nevertheless he achieves a decent compensation.} (9... d6) 10. exd5
Nxd5 11. Nxe5 Nd4 (11... Nxe5 12. Rxe5 $14) 12. Bd2 (12. Nd2 c5 13. a4 Nf4 14.
Nef3 Bxf3 15. Nxf3 Nxb3 16. cxb3 Ne6 17. Be3 Bf6 18. Qc2 Qd5 19. Rec1 h6 {
was good for Black in Karjakin,S (2694)-Bacrot,E (2695)/Khanty-Mansiysk 2007.})
({The usual continuation is} 12. Nc3 {after which Black plays either
immediately 12...Nb4, or after first exchanging on b3.}) 12... c5 ({Perhaps
even here the strange looking} 12... Nb4 $5 {is possible, but in a rapid game
it's not wise to go for such variations without home preparation.} 13. Bxf7+ $5
Rxf7 14. Nxf7 Kxf7 15. Bxb4 Bxb4 16. c3 Nf3+ $1 (16... Qg5 17. Re4 $1) 17. gxf3
Qg5+ 18. Kf1 {with a complete mess} (18. Kh1 Bd6 {and then Qf4})) 13. Nc3 Nxb3
14. axb3 Nb4 15. Rc1 f6 16. Nf3 Qc7 17. Ne4 Rfe8 18. Bxb4 cxb4 19. c4 bxc3 20.
bxc3 Ba3 21. Rc2 Rad8 22. Qa1 Bf8 23. Rce2 $1 ({The immediate} 23. Nd4 $2 {
is bad due to the pin on the c-file} Bxe4 24. dxe4 Rxd4 {and Black wins a piece
}) 23... Re7 (23... Rxd3 $2 24. Nxf6+ gxf6 25. Rxe8 $18) 24. Nd4 {Black's
bishop pair can offer compensation for the pawn only if White won't have
stable squares for his knights.} Rde8 $2 ({Necessary was} 24... b4 {in order
to weaken square d4.}) 25. b4 $1 {Now the knight on d4 secures White advantage
and the question is only if Black will be able to escape. This is a very
difficult task with limited time and the former winner of the World Cup failed
to do so.} Kh8 26. Ng3 g6 27. Rxe7 Rxe7 28. Rxe7 Qxe7 29. Qd1 f5 30. Qe2 Kg8
31. Qxe7 Bxe7 32. f4 h5 33. Nge2 Kf7 34. Kf2 Bf6 35. Nf3 Ke6 36. Ned4+ Kd6 37.
Ne2 Bd5 38. Ke3 Bd8 39. g3 Bb6+ 40. Nfd4 Bg2 $2 {Allowing White to advance the
c-pawn.} ({Better was a move like} 40... Bd8) 41. c4 $1 (41. h4 Bd5) 41... bxc4
42. dxc4 Ba7 43. Nc3 (43. h4 {is possible too, since after} Bf1 44. c5+ Kd5 45.
Nc3+ Kc4 {White has} 46. Nc6 $1 Bxc5+ 47. bxc5 Kxc3 48. Na5 {and Black must
give up his bishop for the c-pawn. However, Jakovenko's choice is the most
precise.}) 43... Kd7 (43... Bxh3 {doesn't help:} 44. c5+ Kd7 45. Nf3 Bb8 46.
Kd4 Bg2 47. Ne5+ ({or} 47. Nh4) 47... Bxe5+ 48. Kxe5 $18) 44. h4 Bf1 45. c5 a5
46. Ncb5 Bxb5 47. Nxb5 Bb8 48. Kd3 axb4 49. Kc4 Ke6 50. Nd4+ Kd7 51. Kxb4 {
The rest is elementary.} Bc7 52. Kb5 Bd8 53. Nf3 Kc7 54. Ne5 Bf6 55. c6 Be7 56.
Nxg6 Ba3 57. Ne5 Bb2 58. Nf7 Bd4 59. Nh6 Bg1 60. Nxf5 Bf2 61. Ng7 Bxg3 62. Nxh5
Bxh4 63. Kc5 Kd8 64. Kd6 Be1 65. Nf6 Bb4+ 66. Ke6 {In the second game Aronian
fought for 114 moves, but Jakovenko always kept good control and achieved a
draw confidently.} 1-0

[Event "Morelia/Linares 23rd"]
[Site "Morelia/Linares"]
[Date "2006.03.11"]
[Round "14"]
[White "Svidler, Peter"]
[Black "Ivanchuk, Vassily"]
[Result "1/2-1/2"]
[WhiteElo "2765"]
[BlackElo "2729"]
[Annotator "CB"]
[PlyCount "109"]
[EventDate "2006.02.18"]
[EventType "tourn"]
[EventRounds "14"]
[EventCountry "ESP"]
[EventCategory "20"]
[SourceTitle "CBM 112"]
[Source "ChessBase"]
[SourceDate "2006.06.07"]
[SourceVersion "1"]
[SourceVersionDate "2006.06.07"]
[SourceQuality "1"]

1. e4 e5 2. Nf3 Nc6 3. Bb5 a6 4. Ba4 Nf6 5. O-O Be7 6. Re1 b5 7. Bb3 O-O 8. a4
Bb7 {In spite of the unfavourable result, Ivanchuk remains faithfull to the
variation he employed against Leko in Morelia. Apparently, he dislikes the
idea of weakening the c4-square at such an early stage of the game.} 9. d3 d6
10. Nbd2 Na5 11. Ba2 c5 12. Nf1 b4 ({Now that the knight has been installed on
the a5-square, from where it controls the critical c4- and b3-squares, Black
decides to block the position. The aforementioned game continued with} 12...
Bc8) 13. c3 ({Svidler deviates from a previous game of his, too. After} 13. Ne3
Rb8 14. Nd2 Bc8 15. Bc4 Nxc4 16. dxc4 Be6 17. b3 Rb7 18. Rf1 Nd7 19. Qe2 Nb8
20. Nd5 Nc6 21. Bb2 Bg5 22. Rad1 a5 {Black gradually equalised in
Svidler-Adams, Moscow 2001. By playing 13.c3, White prepares the immediate
occupation of the centre.}) 13... bxc3 14. bxc3 {#} c4 {The typical reaction.
The insufficient defence of the e4-pawn allows Black disrupt White's central
structure.} 15. Ng3 cxd3 ({This natural move will leave White with strong
pressure against the backward d6-pawn. The more restrained} 15... Re8 16. d4
Qc7 {would have been worthy alternative. Although White has a clear supremacy
in the centre, the queen side situation looks to favour Black, because of the
weakness of the b3-square and of the a4-pawn.}) 16. Qxd3 Bc8 17. Ba3 ({This
might be even better than} 17. Bg5 Be6 18. Bxf6 Bxf6 19. Nf5 Nb7 20. Bd5 {
with just an edge for White in Nisipeanu-Solleveld, Santo Domingo 2003.}) 17...
Qc7 18. Red1 Nb7 19. Qc4 Qxc4 20. Bxc4 Re8 21. Rab1 Ra7 22. Rb6 Na5 23. Bf1 Nd7
24. Rbb1 Nc5 25. Bxc5 dxc5 26. Nxe5 g6 {#White has managed to win a clear pawn,
but the weakness of White's whole queen side as well as the black pair of
bishops make the technical phase far from easy.} 27. f4 Be6 28. f5 Bb3 29. Rxb3
Nxb3 30. Bc4 Bg5 31. Nxf7 Be3+ 32. Kh1 Nd2 33. Nd6+ Nxc4 34. Nxe8 Kf7 35. Nd6+
Nxd6 36. Rxd6 {#After some nice fireworks, White has won a second pawn, but
Black managed to activate his remaining army radically.} Rb7 37. fxg6+ hxg6 38.
h4 Bf4 39. Rd3 Ke6 40. Kh2 Rb3 41. Kh3 c4 42. Rf3 Ke5 {Little by little, it
becomes clear that White has no real chances to win.} 43. Nf1 a5 44. Kg4 Bh6
45. h5 gxh5+ 46. Kxh5 Bc1 47. Rf5+ Kxe4 48. Ng3+ Kd3 49. Rf3+ Kc2 50. Ne2 Bd2
51. Nd4+ Kb2 52. Nb5 Bxc3 53. Rf2+ Kb1 54. Rf4 Bb4 55. Rxc4 {A nice figthing
game.} 1/2-1/2